000 01025cam a22003257a 4500
003 CHAP
005 20220817040944.0
008 971013d1990 it r 00010 spa d
010 _a3387
011 _a4359
035 _a3561
040 _cCHAP
082 1 0 _a639.2
_bF46Y v.434
110 2 _aFAO
245 1 0 _aInforme de la Consulta de Expertos sobre Pesca de Altura en Gran Escala con Redes de Deriva
260 _aRoma :
_bFAO,
_c1990
300 _a87 p.
_b: ilus.; gráfs.
490 0 _aFAO. Informe de pesca
_v; 434
590 _aBATCH-UPD
_b10
_c20130110
_lUCH01
_h1043
590 _aBATCH-UPD
_b10
_c20130410
_lUCH01
_h0642
590 _aBATCH-UPD
_b10
_c20130914
_lUCH01
_h1347
590 _aCONVERSION
_b10
_c20130109
_lUCH01
_h1303
650 1 4 _aPesquería.
_987496
650 1 4 _aRedes de pesca.
_995383
830 0 _aFAO. Informe de pesca
_v; 434
_939587
901 _aBK
905 _aPatricia Mendoza P.
942 _cLIBRO
949 _a639.2 F46Y v.434
_bBC
_cFAO
_d33724000779583
_eFAO1
_gDonaciØn
_h80877
_i3561
_sb
999 _c3387
_d3387